Las mercenarias del amor: prostitución y modernidad en el Uruguay, 1880-1932

Guardat en:
Dades bibliogràfiques
Autor principal: Trochon, Yvette (Autor)
Format: Llibre
Idioma:espanyol
Publicat: Montevideo Santillana 2003
Edició:2a. ed
Matèries:
Etiquetes: Afegir etiqueta
Sense etiquetes, Sigues el primer a etiquetar aquest registre!

MARC

LEADER 00000nam a2200000 a 4500
001 UCG4837
003 CL-VaPUC
008 101209e20030000UY |||||||||||||||||spa|d
020 |a 9974671590 
082 0 4 |a 363.44  |b TRO  |2 21 
100 0 |a Trochon, Yvette  |e author  |9 554292 
245 1 4 |a Las mercenarias del amor: prostitución y modernidad en el Uruguay, 1880-1932 
250 |a 2a. ed 
300 |a 309 p 
942 |c BK 
945 |d 20101209 00:00:00  |a cmena 
260 |a Montevideo  |b Santillana  |c 2003 
650 0 |a Prostitución   |9 344312 
650 0 |a Drogadicción  |9 331967 
650 0 |a Antropología cultural y social   |9 265143 
650 7 |a PROBLEMAS MORALES  |2 CL-VaPUC  |9 334571 
650 0 |a Problemas sociales  |9 258537 
650 0 |a Salud pública  |9 258913 
650 0 |a Enfermedades de transmisión sexual   |9 448974 
651 0 |a Uruguay  |9 255194 
583 |a last modification  |c 20101209 00:00:00  |k Rodrigo Vera 
999 |c 343446  |d 343444 
952 |0 0  |1 0  |4 0  |6 363_440000000000000_TRO_2003  |7 0  |8 A  |9 440752  |a BIBHIS  |b BIBHIS  |d 2019-11-22  |i 4742508  |o 363.44 TRO 2003  |p 4742508  |r 2025-01-20  |w 2019-11-22  |y BK  |k HIS